U.S. National Parks on the Map - Statistics

General Stats
  • This quiz has been taken 161 times
  • The average score is 16 of 24
Answers on the Map
Answers color-coded by a green-red scale on the quiz's map according to % correct below.
 
Answer Stats
Parks % Correct
Yellowstone
95%
Everglades
91%
Grand Canyon
89%
Yosemite
89%
Glacier
77%
Death Valley
74%
Acadia
73%
Great Smoky Mountains
73%
Redwood
73%
Badlands
71%
Joshua Tree
71%
Rocky Mountain
71%
Big Bend
70%
Olympic
70%
Zion
70%
Hot Springs
65%
Mammoth Cave
65%
Crater Lake
60%
Isle Royale
57%
Shenandoah
57%
Carlsbad Caverns
55%
Congaree
48%
Cuyahoga Valley
41%
Rainier
41%
No matching quizzes found
Score Distribution
Percent of People with Each Score
Percentile by Number Answered
Your Score History
You have not taken this quiz